राष्ट्रमाता जिजाबाई (Record no. 370625)

MARC details
000 -LEADER
fixed length control field 00457nam a22001577a 4500
005 - DATE AND TIME OF LATEST TRANSACTION
control field 20260309160427.0
008 - FIXED-LENGTH DATA ELEMENTS--GENERAL INFORMATION
fixed length control field 260309b |||||||| |||| 00| 0 eng d
041 ## - LANGUAGE CODE
Language code of text/sound track or separate title Marathi
082 ## - DEWEY DECIMAL CLASSIFICATION NUMBER
Classification number X 891 SOV B12276
100 ## - MAIN ENTRY--PERSONAL NAME
Author सोवनी, सुनीला
245 ## - TITLE STATEMENT
Title राष्ट्रमाता जिजाबाई
260 ## - PUBLICATION, DISTRIBUTION, ETC.
Place of publication, distribution, etc. Pune
Name of publisher, distributor, etc. Bharatiya Vichar Sadhana
Date of publication, distribution, etc. 2024
300 ## - PHYSICAL DESCRIPTION
Extent 23p
Other physical details pb
365 ## - TRADE PRICE
Price type code Rupaye
Price amount 35
Currency code INR
942 ## - ADDED ENTRY ELEMENTS (KOHA)
Koha item type Books
Holdings
Withdrawn status Lost status Source of classification or shelving scheme Damaged status Not for loan Home library Current library Date acquired Vendor Net Price Bill number Total Checkouts Full call number Barcode Date last seen Discount Actual Price Bill Date Koha item type Original Barcode
    Dewey Decimal Classification     Smt. Bakul Tambat Institute of Nursing Education Smt. Bakul Tambat Institute of Nursing Education 16/02/2026 Bhartiya Vichar Sadhana Foundation 24.50 HO/IN/606   X 891 SOV B12276 BTIN-BK-12276 09/03/2026 10.50 35.00 19/01/2026 Books BTIN-BK-12276